000 01697cam a22005057a 4500
003 CHAP
005 20220329141400.0
008 971013s1985 r 00010 d
010 _a67315
011 _a68287
035 _a77759
040 _cCHAP
082 _a503
_bE58Y
245 1 3 _aLa enciclopedia de la ignorancia
_b: todo lo que es posible conocer sobre lo desconocido
260 _aMéxico, D. F. :
_bFondo de Cultura Económica,
_c1985
300 _a528 p.
_b: ilus.
490 0 _aSección de obras de ciencia y tecnología
590 _aBATCH-UPD
_b10
_c20130110
_lUCH01
_h0321
590 _aBATCH-UPD
_b10
_c20130110
_lUCH01
_h1756
590 _aBATCH-UPD
_b10
_c20130409
_lUCH01
_h2354
590 _aBATCH-UPD
_b10
_c20130410
_lUCH01
_h1518
590 _aBATCH-UPD
_b10
_c20130914
_lUCH01
_h0516
590 _aCONVERSION
_b10
_c20130109
_lUCH01
_h1337
650 1 4 _aBacterias.
_99318
650 1 4 _aBiología.
_912773
650 1 4 _aCiencia
_xDiccionarios.
_923114
650 1 4 _aConocimiento, Teoría del.
_927232
650 1 4 _aCosmología.
_928452
650 1 4 _aEcología.
_935134
650 1 4 _aEvolución.
_939007
650 1 4 _aFarmacodependencia.
_939761
650 1 4 _aInmunidad.
_958814
650 1 4 _aMatemáticas.
_972901
650 1 4 _aNúcleo.
_981895
650 1 4 _aNutrición.
_982246
650 1 4 _aPolímeros y polimerización.
_990281
650 1 4 _aSueños.
_9110584
650 1 4 _aVitaminas (C)
_9120014
700 0 _aDuncan, Ronald C.
_934475
700 0 _aWeston-Smith, Miranda.
_9121580
830 0 _aSección de obras de ciencia y tecnología
_9103501
901 _aBK
942 _cLIBRO
949 _a503 E58Y
_bBC
_cC
_d33724000731907
_eC
_gI.131009
_h69116
_i77759
_sb
999 _c67315
_d67315